LEADER 01301nam a2200265 i 4500 001 000000164982 003 CaOOAMICUS 005 20071004000000.0 008 071004s1979 it u000 u ita u 013 $a142350 040 $aSeMil$bita 100 1 $aHesse, Hermann,$d<1877-1962>.$0(OLS)http://semarc/name/19147 245 13$aIl giuoco delle perle di vetro :$bsaggio biografico sul Magister Ludi Josef Knecht pubblicato insieme con i suoi scritti postumi /$cHermann Hesse ; traduzione di Ervino Pocar ; introduzione di Hans Mayer. 260 $aMilano :$bArnoldo Mondadori Editore,$c1979. 300 $aLVII, 616 p. ;$c19 cm. 490 0 $aOscar Mondadori 500 $aIn occhietto : Dedica autografa. 700 1 $aMayer, Hans.$0(OLS)http://semarc/name/36760 700 1 $aPocar, Ervino,$d<1892-1981>.$0(OLS)http://semarc/name/5929 830 0$aOscar.$0(OLS)http://semarc/title/8669 850 $aSeMil 852 $aSeMil$W1$xVenegono$y1$m1W II 419$j246612$B116181$CSeMilBibl$Z2$F127049 $81 961 $aRecupero: Altro 996 $6245$aIl giuoco delle perle di vetro :$bsaggio biografico sul Magister Ludi Josef Knecht pubblicato insieme con i suoi scritti postumi$9(OLS)http://semarc/title/235417 996 $6260$aMilano :$bArnoldo Mondadori Editore$9(OLS)http://semarc/publisher/30056 LEADER 01349nam a2200277 i 4500 001 000000079338 003 CaOOAMICUS 005 20250919105237.0 008 170328s1957 it u000 u ita u 040 $aSeMil$bita 100 1 $aDaniel-Rops,$c.$0(OLS)http://semarc/name/5511 240 10$aQu'est-ce que la Bible?.$0(OLS)http://semarc/title/403341 245 10$aChe cos'è la Bibbia /$cdi Daniel-Rops. 264 1$aCatania :$bPaoline,$c1957. 300 $a144 p. ;$c18 cm. 490 1 $aEnciclopedia cattolica dell'uomo d'oggi. Sez. 6, La Bibbia: libro di Dio, libro degli uomini 650 4$aTeologia biblica.$0(OLS)http://semarc/subject/438 650 4$aBibbia - Commentari, studi, critica, interpretazioni.$0(OLS)http://semarc/subject/783 830 0$aEnciclopedia cattolica dell'uomo d'oggi. Sez. 6, La Bibbia: libro di Dio, libro degli uomini.$0(OLS)http://semarc/title/401333 830 0$aEnciclopedia cattolica dell'uomo d'oggi ;$v60.$0(OLS)http://semarc/title/6174 850 $aSeMil 852 $aSeMil$W1$xVenegono$y1$m2W I 13$j261981$B45071$CSeMilBibl$Z2$F46934 $81 961 $aRecupero: Seminario di Seveso 996 $6245$aChe cos'è la Bibbia$9(OLS)http://semarc/title/403340 996 $6264$aCatania :$bPaoline$9(OLS)http://semarc/publisher/31797